书目信息 |
| 题名: |
Struts 2实战
|
|
| 作者: | 布朗 , 戴维斯 , 斯坦利克 著 ;马召 译 | |
| 分册: | ||
| 出版信息: | 北京 人民邮电出版社 2010.02 |
|
| 页数: | 332页 | |
| 开本: | 24cm | |
| 丛书名: | 图灵程序设计丛书 | |
| 单 册: | ||
| 中图分类: | TP311.56 | |
| 科图分类: | ||
| 主题词: | 软件工具--程序设计 | |
| 电子资源: | ||
| ISBN: | 978-7-115-21933-6 | |
| 000 | 01341nam 2200325 450 | |
| 001 | 012010603406 | |
| 005 | 20100812115559.09 | |
| 009 | 004408136 | |
| 010 | @a978-7-115-21933-6@dCNY59.00 | |
| 100 | @a20100515d2010 em y0chiy0110 ea | |
| 101 | 1 | @achi@ceng |
| 102 | @aCN@b110000 | |
| 105 | @ay z 000yy | |
| 200 | 1 | @aStruts 2实战@AStruts 2 shi zhan@d= Struts 2 in action@f(美) Donald Brown, Chad Michael Davis,(美)Scott Stanlick著@F(mei)Donald Brown,Chad Michael Davis,(mei)Scott Stanlick zhu@g马召等译@Gma zhao deng yi@zeng |
| 210 | @a北京@c人民邮电出版社@d2010.02 | |
| 215 | @a332页@d24cm | |
| 225 | 2 | @a图灵程序设计丛书@iJava系列 |
| 306 | @aManning Publication Co授权出版 | |
| 330 | @a本书结合实例介绍了Struts 2框架,主要内容包括Action、Result、Interceptor等框架组件,基于注解的配置选项等新特征,Struts 2插件 FreeMarker,如何从Struts 1和WebWork 2迁移到Struts 2,Ajax标签、Spring框架集成等新特性。 | |
| 410 | 0 | @12001 @a图灵程序设计丛书 |
| 500 | 10 | @aStruts 2 in action@mChinese |
| 606 | 0 | @a软件工具@x程序设计 |
| 610 | 0 | @aStruts |
| 690 | @aTP311.56@v4 | |
| 701 | 1 | @a布朗@Abu lang@g(Brown, Donald)@4著 |
| 701 | 0 | @a戴维斯@Adai wei si@g(Davis, Chad Michael)@4著 |
| 701 | 0 | @a斯坦利克@Asi tan li ke@g(Stanlick,Scott)@4著 |
| 702 | 0 | @a马召@Ama zhao@4译 |
| 801 | 0 | @aCN@c20100515 |
| 905 | @dTP311.56@eB982@f5 | |
| Struts 2实战= Struts 2 in action/(美) Donald Brown, Chad Michael Davis,(美)Scott Stanlick著/马召等译.-北京:人民邮电出版社,2010.02 |
| 332页;24cm.-(图灵程序设计丛书.Java系列) |
| ISBN 978-7-115-21933-6:CNY59.00 |
| 本书结合实例介绍了Struts 2框架,主要内容包括Action、Result、Interceptor等框架组件,基于注解的配置选项等新特征,Struts 2插件 FreeMarker,如何从Struts 1和WebWork 2迁移到Struts 2,Ajax标签、Spring框架集成等新特性。 |
| ● |
| 相关链接 |
|
|
|
正题名:Struts 2实战
索取号:TP311.56/B982
 
预约/预借
| 序号 | 登录号 | 条形码 | 馆藏地/架位号 | 状态 | 备注 |
| 1 | 1024829 | 210248294 | 自科二线504/504自科库 16排2列1层/ [索取号:TP311.56/B982] | 在馆 | |
| 2 | 1024830 | 210248301 | 自科二线504/504自科库 16排2列1层/ [索取号:TP311.56/B982] | 在馆 | |
| 3 | 1024831 | 210248310 | 自科库301/301自科库 50排3列1层/ [索取号:TP311.56/B982] | 在馆 | |
| 4 | 1024832 | 210248329 | 自科库301/301自科库 50排3列1层/ [索取号:TP311.56/B982] | 在馆 | |
| 5 | 1024833 | 210248338 | 自科二线504/504自科库 16排2列1层/ [索取号:TP311.56/B982] | 在馆 |